000 00436nam a2200181Ia 4500
003 OSt
005 20230511143430.0
008 210210b1949 xxu||||| |||| 00| 0 eng d
040 _cAL
041 _aFrench
082 _a444/546
100 _aSMITH (Sheila M)
_9103253
245 _aLa petite provinciale
260 _aLondon
_bUniversity of London Press.,
_c1949
690 _aFrench
_9103254
906 _a006740
942 _2ddc
_cBK
999 _c129732
_d129732